Diseño con herramientas digitales
| Main Author: | |
|---|---|
| Format: | Section = Libro |
| Language: | Undetermined Spanish |
| Published: |
México
México
2001
|
| Subjects: |
| LEADER | 00678nam a2200229Ia 4500 | ||
|---|---|---|---|
| 008 | 240830s9999 xx 000 0 und d | ||
| 020 | |a 970-10-3195-4 | ||
| 040 | |a B-ESTELÍ- RUACS / 005.369 V945 | ||
| 041 | |a spa | ||
| 082 | |a 005.369 V945 | ||
| 100 | 1 | |a Von Wodtke, Mark | |
| 245 | 1 | 0 | |a Diseño con herramientas digitales |
| 260 | |a México |b México |c 2001 | ||
| 300 | |a 284 p:il | ||
| 650 | 7 | |a PROGRAMAS ESPECIFICOS CADD | |
| 650 | 7 | |b DISEÑO HERRAMIENTAS DIGITAL | |
| 650 | 7 | |c ADMINISTRACION DE PROYECTOS LINEA | |
| 650 | 7 | |d SISTEMAS DE INFORMACION GEOGRAFICA APLICACION | |
| 650 | 7 | |e APLICACION EFECTOS ESPECIALES | |
| 942 | |c BK |2 ddc | ||
| 991 | |a TEXTO | ||
| 999 | |c 10586 | ||